00410 a2200109 4500001001000000005001700010008004100027245008700068100002600155773010200181999001700283ART_3958220260410162012.0260409a 10aSobre la posibilidad del comportamiento racional de los agentes bajo incertidumbre1 aMarqués, Gustavo L.0 tDocumentos del CIECEgEnsayos sobre racionalidad en economía - Nº 4 (ene./jun. 2008)wREV39541 c32282d32282